| 000 | 00839nam a22002777a 4500 | ||
|---|---|---|---|
| 003 | CHAP | ||
| 005 | 20220329135427.0 | ||
| 008 | 971013s1986 r 00010 d | ||
| 010 | _a36292 | ||
| 011 | _a37264 | ||
| 035 | _a41383 | ||
| 040 | _cCHAP | ||
| 090 | _aFolleto 12045 | ||
| 100 | 0 | 0 |
_aOrozco Castaño, Francisco Javier. _983661 |
| 245 | _aDescripción de especies y variedades de café | ||
| 260 |
_aChinchina, Colombia : _bCENICAFE, _c1986 |
||
| 300 |
_a29 p. _b: ilus. |
||
| 590 |
_aBATCH-UPD _b10 _c20130110 _lUCH01 _h0919 |
||
| 590 |
_aBATCH-UPD _b10 _c20130410 _lUCH01 _h0542 |
||
| 590 |
_aBATCH-UPD _b10 _c20130914 _lUCH01 _h0810 |
||
| 590 |
_aCONVERSION _b10 _c20130109 _lUCH01 _h1320 |
||
| 650 | 1 | 4 |
_aCafé _xVariedades. _917208 |
| 901 | _aBK | ||
| 942 | _cFOLL | ||
| 949 |
_aFolleto 12045 _bBC _cFOLL _d-94736 _eTS1 _i41383 _mD _si |
||
| 999 |
_c36292 _d36292 |
||